Présidents de l'Afrique du Sud - Statistiques

Statistiques générales
  • Ce quiz a été pris 63 fois
  • Le résultat moyen est 7 sur 16
Statistiques - réponses
Mandat Réponse % Correct
1994-1999 Nelson Mandela
100%
2018-2019 Cyril Ramaphosa
70%
2019 Cyril Ramaphosa
70%
2009-2014 Jacob Zuma
63%
2014-2018 Jacob Zuma
63%
1989-1994 Frederik Willem de Klerk
59%
1999-2004 Thabo Mbeki
44%
2004-2008 Thabo Mbeki
44%
1984-1989 Pieter Willem Botha
37%
1961-1967 Charles Swart
26%
1978-1979 John Vorster
26%
1968-1975 Jacobus Johannes Fouché
22%
1979-1984 Marais Viljoen
22%
2008-2009 Kgalema Motlanthe
19%
1975-1978 Nicolaas Johannes Diederichs
15%
1967-1967 Theophilus Dönges
15%
Aucun quiz correspondant
Distribution des résultats
% des personnes avec chaque résultat
Percentile par nombre de réponses
Votre historique - résultats
Vous n’avez pas pris ce quiz